Devinez la Capitale Mystère #152 - Statistiques

Statistiques générales
  • Ce quiz a été pris 89 fois
  • Le résultat moyen est 31 sur 34
Statistiques - réponses
Type de Réponse Réponse % Correct
Lettre de l'Alphabet A
100%
Lettre Trouvée E
100%
Lettre de l'Alphabet I
100%
Lettre Trouvée L
100%
Lettre Trouvée O
100%
Lettre Trouvée S
100%
Lettre de l'Alphabet B
99%
Lettre Trouvée N
99%
Lettre de l'Alphabet U
97%
Lettre de l'Alphabet P
96%
Lettre Trouvée R
96%
Lettre de l'Alphabet G
93%
Lettre de l'Alphabet K
93%
Lettre Bien Placée O
93%
Lettre de l'Alphabet T
93%
Lettre Trouvée D
92%
Lettre Bien Placée L
92%
Lettre de l'Alphabet M
92%
Lettre de l'Alphabet Y
92%
Lettre de l'Alphabet C
90%
Lettre de l'Alphabet H
90%
Lettre de l'Alphabet J
90%
Lettre de l'Alphabet V
90%
Lettre Bien Placée R
86%
Lettre Bien Placée S
86%
Lettre Bien Placée E
85%
Lettre de l'Alphabet W
85%
Lettre de l'Alphabet F
83%
Lettre Bien Placée N
83%
Lettre Bien Placée D
82%
Lettre de l'Alphabet X
82%
Capitale Mystère Londres
81%
Lettre de l'Alphabet Q
81%
Lettre de l'Alphabet Z
81%
Aucun quiz correspondant
Distribution des résultats
% des personnes avec chaque résultat
Percentile par nombre de réponses
Votre historique - résultats
Vous n’avez pas pris ce quiz